00885cam a22002531 4500001001300000003000400013005001700017008004100034010001700075035001900092040004700111042001200158043001200170050002300182110004300205245020300248260002000451300001900471490003200490504002500522504005200547650001500599999001700614e 23000028 DLC20260227111214.0820826s1922 txu b s000 0 eng c ae 23000028  a(OCoLC)8720510 aLibrary, U.S. Bur. of EducationcDNIEdDLC apremarc an-us-tx00aLB1561.T4bA3 19221 aTexas.bState Department of Education.00aManual and course of study;belementary grades, public schools of Texas, 1922-23.cAnnie Webb Blanton, superintendent of public instruction ... Issued by the Department of education, state of Texas. a[Austin,c1922] a137 p.c24 cm.0 aBulletinv152. Sept., 1922 aContains references. a"Books that every child should read": p. 26-28. 0aEducation. c20586d20586